José Triana : ritualización de la sociedad cubana /

Na minha lista:
Detalhes bibliográficos
Autor principal: De la Campa, Román V.
Autor Corporativo: Institute for the Study of Ideologies and Literature (Editor)
Formato: Livro
Idioma:Spanish
Publicado em: Institute for the Study of Ideologies and literature, University of Minnesota Ediciones Cátedra c1979
Colecção:Institute for the Study of Ideologies and Literature
Assuntos:
Tags: Adicionar Tag
Sem tags, seja o primeiro a adicionar uma tag!

MARC

LEADER 00000nam a22000001i 4500
001 bimo0001730212
005 20140703062235.0
008 010710s1979 sp 000 0 spa
020 |a 8430011110 
040 |a SpMaBN  |b spa  |c CIICLA 
082 |a Cu860.9D  |b T821d 
100 1 |a De la Campa, Román V. 
245 1 0 |a José Triana  |h [Texto impreso]  |b  : ritualización de la sociedad cubana /  |c Ramón V. de la Campa 
260 |a Institute for the Study of Ideologies and literature, University of Minnesota  |b Ediciones Cátedra  |c c1979 
300 |a 124 páginas 
490 0 |a Institute for the Study of Ideologies and Literature 
600 1 7 |a TRIANA, JOSE  |x CRITICA E INTERPRETACION 
650 1 2 |a TEATRO CUBANO 
651 1 7 |a CUBA  |x SITUACION SOCIAL 
710 1 2 |a Institute for the Study of Ideologies and Literature  |e editor 
942 |2 ddc  |c BK 
956 |a 1 
999 |c 3343  |d 3343